<?xml version="1.0" encoding="UTF-8"?>
<collection xmlns="http://www.loc.gov/MARC21/slim">
 <record>
  <leader>00820nam a22002295a 4500</leader>
  <controlfield tag="001">CEM.cems020764</controlfield>
  <controlfield tag="008">231214s2018####ag############000#0#und#d</controlfield>
  <controlfield tag="005">20231214160315.0</controlfield>
  <datafield tag="245" ind1="1" ind2="0">
   <subfield code="a">Sapo de Navidad /</subfield>
   <subfield code="c">Cecilia Pisos ; ilustrado por María Lavezzi.</subfield>
  </datafield>
  <datafield tag="250" ind1=" " ind2=" ">
   <subfield code="a">1a ed. 1a reimp.</subfield>
  </datafield>
  <datafield tag="260" ind1=" " ind2=" ">
   <subfield code="a">Buenos Aires :</subfield>
   <subfield code="b">Edelvives,</subfield>
   <subfield code="c">2018.</subfield>
  </datafield>
  <datafield tag="300" ind1=" " ind2=" ">
   <subfield code="a">32 p.</subfield>
  </datafield>
  <datafield tag="490" ind1="1" ind2=" ">
   <subfield code="a">Pequeletra</subfield>
  </datafield>
  <datafield tag="520" ind1=" " ind2=" ">
   <subfield code="a">Sapo quiere festejar la Navidad en la laguna. Tiene todo planeado: el arbolito, los regalos, la música...pero ¿llegará Papá Noel?</subfield>
  </datafield>
  <datafield tag="020" ind1=" " ind2=" ">
   <subfield code="a">9789876423892</subfield>
  </datafield>
  <datafield tag="100" ind1="1" ind2=" ">
   <subfield code="a">Pisos, Cecilia.</subfield>
  </datafield>
  <datafield tag="700" ind1="1" ind2=" ">
   <subfield code="a">Lavezzi, María; il.</subfield>
  </datafield>
  <datafield tag="653" ind1=" " ind2=" ">
   <subfield code="a">Cuento infantil</subfield>
  </datafield>
  <datafield tag="653" ind1=" " ind2=" ">
   <subfield code="a">Cuento argentino</subfield>
  </datafield>
  <datafield tag="653" ind1=" " ind2=" ">
   <subfield code="a">Literatura infantil</subfield>
  </datafield>
  <datafield tag="653" ind1=" " ind2=" ">
   <subfield code="a">Literatura argentina</subfield>
  </datafield>
  <datafield tag="859" ind1=" " ind2=" ">
   <subfield code="a">CEMS</subfield>
   <subfield code="b">BIB. CEMS - Inicial y Primaria</subfield>
   <subfield code="h">A868.4</subfield>
   <subfield code="i">P676-3</subfield>
   <subfield code="k">IP</subfield>
   <subfield code="p">6729</subfield>
   <subfield code="t">Ej.1</subfield>
  </datafield>
 </record>
</collection>
